[Event "Pawns should help and not hinder the pieces"]
[Site "SchemingMind.com"]
[Date "2011.11.18"]
[Round "-"]
[White "David Hartley"]
[Black "Olli Ylönen"]
[Result "1-0"]
[WhiteCountry "ENG"]
[BlackCountry "FIN"]
[WhiteElo "1842"]
[WhiteRD "73"]
[BlackElo "1797"]
[BlackRD "52"]
[GameID "297188"]

1. e4 e5 2. f4 exf4 3. Nf3 g5 4. h4 g4 5. Ne5 Nf6 6. Bc4 d5 7. exd5 Bd6 8. d4 Nh5 9. Nc3 O-O 10. Ne4 f5
11. Nxd6 cxd6 12. Nd3 Re8+ 13. Kd2 Re4 14. c3 Ng3 15. Re1 Qxh4 16. Rxe4 fxe4 17. Nxf4 Bf5 18. Kc2 e3+ 19. Bd3 Bxd3+ 20. Qxd3 Nd7
21. Bxe3 Qe7 22. Re1 Qg7 23. Bf2
1-0

[Event "Pawns should help and not hinder the pieces"]
[Site "SchemingMind.com"]
[Date "2011.11.22"]
[Round "-"]
[White "emvarela"]
[Black "NimbleKnight"]
[Result "1/2-1/2"]
[WhiteCountry "ARG"]
[BlackCountry "USA"]
[WhiteElo "1743"]
[WhiteRD "46"]
[BlackElo "1990"]
[BlackRD "99"]
[GameID "297269"]

1. e4 e6 2. d4 d5 3. Nc3 Bb4 4. e5 c5 5. a3 Bxc3+ 6. bxc3 Ne7 7. Qg4 O-O 8. Bd3 f5 9. Qg3 Nbc6 10. f4 cxd4
11. cxd4 Nxd4 12. Ne2 Nxe2 13. Kxe2 Bd7 14. Bd2 Nc6 15. Rhb1 Rb8 16. Bb4 Nxb4 17. Rxb4 Qe7 18. Rab1 Bc6 19. Bb5 Bxb5+ 20. Rxb5 b6
21. a4 Qc7 22. Qd3 Rfc8 23. Kd2 Qc4 24. R1b4 Qxd3+ 25. Kxd3 Rc7 26. a5 Rcb7 27. axb6 Rxb6 28. Rxb6 axb6 29. c4 dxc4+ 30. Rxc4 Rb7
31. Rc6 Kf7 32. Kc4 b5+ 33. Kb4 Ke7 34. Rc5 Kd7 35. Rxb5 Rc7 36. Rc5 Ra7 37. Rc2 Ra1=
1/2-1/2

[Event "Pawns should help and not hinder the pieces"]
[Site "SchemingMind.com"]
[Date "2011.11.22"]
[Round "-"]
[White "NimbleKnight"]
[Black "emvarela"]
[Result "1-0"]
[WhiteCountry "USA"]
[BlackCountry "ARG"]
[WhiteElo "1974"]
[WhiteRD "98"]
[BlackElo "1740"]
[BlackRD "47"]
[GameID "297274"]

1. e4 e5 2. Nf3 Nc6 3. Bb5 a6 4. Ba4 d6 5. O-O Bg4 6. h3 Bxf3 7. Qxf3 Nf6 8. Bxc6+ bxc6 9. Nc3 Qd7 10. d3 d5
11. Bg5 dxe4 12. Nxe4 Nxe4 13. dxe4 Be7 14. Rad1 Qe6 15. Bxe7 Kxe7 16. b3 Rad8 17. Qc3 Rxd1 18. Rxd1 Rd8 19. Rxd8 Kxd8 20. Qa5 Qd6
21. Qxa6 Qd1+ 22. Kh2 Qxc2 23. f3 Kd7 24. Qc4 Qxc4 25. bxc4 Kd6 26. a4 c5 27. Kg3 g6 28. f4 f6 29. fxe5+ fxe5 30. Kg4 Kc6
31. Kg5 Kb6 32. Kf6 Ka5 33. Kxe5 Kxa4 34. Kd5 Kb4 35. e5
1-0

[Event "Pawns should help and not hinder the pieces"]
[Site "SchemingMind.com"]
[Date "2011.11.24"]
[Round "-"]
[White "D O Vaughan"]
[Black "Wojciech  Langer"]
[Result "1-0"]
[WhiteCountry "WLS"]
[BlackCountry "INT"]
[WhiteElo "2023"]
[WhiteRD "86"]
[BlackElo "1630"]
[BlackRD "92"]
[GameID "297496"]

1. e4 c5 2. Nf3 d6 3. d4 cxd4 4. Nxd4 Nf6 5. Nc3 a6 6. Bg5 e6 7. f4 Qb6 8. Qd2 Qxb2 9. Rb1 Qa3 10. e5 dxe5
11. fxe5 Nfd7 12. Bc4 Qa5 13. O-O Bc5 14. Bxe6 Nxe5 15. Bxc8 O-O 16. Bxb7 Ra7 17. Ne2 Qxa2 18. Kh1 Nbd7 19. Nc6 Nxc6 20. Bxc6 f6
21. Bd5+
1-0

[Event "Pawns should help and not hinder the pieces"]
[Site "SchemingMind.com"]
[Date "2011.11.24"]
[Round "-"]
[White "Wojciech  Langer"]
[Black "D O Vaughan"]
[Result "0-1"]
[WhiteCountry "INT"]
[BlackCountry "WLS"]
[WhiteElo "1630"]
[WhiteRD "92"]
[BlackElo "2023"]
[BlackRD "86"]
[GameID "297504"]

1. d4 Nf6 2. c4 g6 3. Nc3 d5 4. Nf3 Bg7 5. Qb3 dxc4 6. Qxc4 O-O 7. e4 Bg4 8. Be3 Nfd7 9. Be2 Nb6 10. Qd3 Nc6
11. d5 Bxf3 12. Bxf3 Ne5 13. Qe2 Qd7 14. O-O Nbc4 15. Rab1 a6 16. b3 Nd6 17. Rfc1 f5 18. exf5 Qxf5 19. Be4 Nxe4
0-1

[Event "Pawns should help and not hinder the pieces"]
[Site "SchemingMind.com"]
[Date "2011.11.24"]
[Round "-"]
[White "Scooter"]
[Black "maro"]
[Result "1-0"]
[WhiteCountry "USA"]
[BlackCountry "MEX"]
[WhiteElo "1786"]
[WhiteRD "54"]
[BlackElo "1376"]
[BlackRD "56"]
[GameID "297574"]

1. d4 d5 2. Nf3 Nf6 3. Bf4 Na6 4. e3 b6 5. Nbd2 e6 6. Bb5+ Bd7 7. Bxa6 Bd6 8. Bxd6 Ne4 9. Nxe4 dxe4 10. Nd2 cxd6
11. Nxe4 d5 12. Nd2 O-O 13. Bd3 a5 14. O-O b5 15. Nf3 f6 16. Qe2 b4 17. c4 dxc4 18. Bxc4 Rb8 19. b3 Bb5 20. Bxb5
1-0

[Event "Pawns should help and not hinder the pieces"]
[Site "SchemingMind.com"]
[Date "2011.11.24"]
[Round "-"]
[White "maro"]
[Black "Scooter"]
[Result "0-1"]
[WhiteCountry "MEX"]
[BlackCountry "USA"]
[WhiteElo "1376"]
[WhiteRD "56"]
[BlackElo "1786"]
[BlackRD "54"]
[GameID "297579"]

1. e4 c6 2. c4 d5 3. exd5 cxd5 4. Nc3 Nf6 5. cxd5 Nxd5 6. Bc4 Nb6 7. b3 Nxc4 8. bxc4 Qc7 9. d3 Qe5+ 10. Nge2 Nc6
11. d4 Qf5 12. d5 Ne5 13. Qa4+ Bd7 14. Nb5 Nd3+ 15. Kd2 Nxf2 16. Nc7+ Kd8 17. Ne6+ fxe6 18. Qa5+ b6 19. Qc3 Ne4+
0-1

[Event "Pawns should help and not hinder the pieces"]
[Site "SchemingMind.com"]
[Date "2011.11.30"]
[Round "-"]
[White "mochiron"]
[Black "Queeny"]
[Result "0-1"]
[WhiteCountry "JPN"]
[BlackCountry "ENG"]
[WhiteElo "1499"]
[WhiteRD "64"]
[BlackElo "1724"]
[BlackRD "86"]
[GameID "297654"]

1. d4 d5 2. Bf4 Nc6 3. Nf3 Nf6 4. e3 Bg4 5. Bd3 e6 6. h3 Bh5 7. g4 Bg6 8. Bxg6 hxg6 9. Bg5 Qd6 10. Bxf6 gxf6
11. a3 f5 12. Nc3 a6 13. Ne5 Nxe5 14. gxf5 Nc4 15. Rb1 gxf5 16. b3 Nxa3 17. Ra1 Qc6 18. Rxa3 Qxc3+ 19. Kf1 Bxa3 20. f4 Qxe3
21. Rh2 Qxf4+ 22. Rf2 Qg3 23. Rg2 Qxh3 24. Qd3 Qh1+ 25. Kf2 Rh2 26. Rxh2 Qxh2+ 27. Kf1 Qf4+
0-1

[Event "Pawns should help and not hinder the pieces"]
[Site "SchemingMind.com"]
[Date "2011.11.27"]
[Round "-"]
[White "kenneth m day"]
[Black "DimonM"]
[Result "1-0"]
[WhiteCountry "USA"]
[BlackCountry "INT"]
[WhiteElo "1872"]
[WhiteRD "55"]
[BlackElo "1336"]
[BlackRD "221"]
[GameID "297657"]

1. e4 c5 2. Nf3 d6 3. d4 cxd4 4. Nxd4 Nf6 5. Nc3 a6 6. Be3 e5 7. Nb3 Be6 8. f3 Nc6 9. Qd2 Bxb3 10. axb3 Be7
11. Nd5
1-0

[Event "Pawns should help and not hinder the pieces"]
[Site "SchemingMind.com"]
[Date "2011.11.30"]
[Round "-"]
[White "eun77"]
[Black "dkappe"]
[Result "0-1"]
[WhiteCountry "ISR"]
[BlackCountry "GER"]
[WhiteElo "1252"]
[WhiteRD "75"]
[BlackElo "2029"]
[BlackRD "155"]
[GameID "297659"]

1. e4 e6 2. Nf3 d5 3. exd5 exd5 4. h3 Bd6 5. Be2 Ne7 6. O-O O-O 7. d4 c6 8. Nc3 Bf5 9. Bd3 Qc8 10. Bxf5 Qxf5
11. Nh2 Re8 12. Qd3 Qxd3 13. cxd3 Na6 14. a3 Bxh2+ 15. Kxh2 Nf5 16. Ne2 Rxe2 17. b4 Nxd4
0-1

[Event "Pawns should help and not hinder the pieces"]
[Site "SchemingMind.com"]
[Date "2011.11.30"]
[Round "-"]
[White "Queeny"]
[Black "mochiron"]
[Result "1/2-1/2"]
[WhiteCountry "ENG"]
[BlackCountry "JPN"]
[WhiteElo "1719"]
[WhiteRD "86"]
[BlackElo "1529"]
[BlackRD "63"]
[GameID "297663"]

1. d4 f5 2. g3 Nf6 3. Bg2 d5 4. Nc3 e6 5. Bg5 Be7 6. Nf3 O-O 7. Ne5 Ne4 8. Bxe7 Qxe7 9. Qd3 Nc6 10. Nxc6 bxc6
11. f3 Nxc3 12. Qxc3 Qd6 13. e4 Ba6 14. e5 Qe7 15. Qxc6 Rab8 16. Qxa6 Rxb2 17. O-O f4 18. g4 Rxc2 19. Rf2 Rxf2 20. Kxf2 Rb8
21. Qe2 g5 22. Qc2 Qa3 23. Rb1 Qe3+ 24. Kf1 Rxb1+ 25. Qxb1 Qxd4 26. Qb8+ Kg7 27. Qxc7+ Kg6 28. Qd6 Qc4+ 29. Kg1 Qd4+ 30. Kf1 Qc4+
31. Kg1 Qd4+ 32. Kf1 Qc4+
1/2-1/2

[Event "Pawns should help and not hinder the pieces"]
[Site "SchemingMind.com"]
[Date "2011.11.27"]
[Round "-"]
[White "DimonM"]
[Black "kenneth m day"]
[Result "0-1"]
[WhiteCountry "INT"]
[BlackCountry "USA"]
[WhiteElo "1166"]
[WhiteRD "143"]
[BlackElo "1866"]
[BlackRD "52"]
[GameID "297666"]

1. e4 e6 2. d4 d5 3. Nc3 Nf6 4. Bg5 Be7 5. e5 Nfd7 6. Bxe7 Qxe7 7. Nf3 a6 8. Bd3 c5 9. O-O Nc6 10. dxc5 Nxc5
11. Re1 Nxd3
0-1

[Event "Pawns should help and not hinder the pieces"]
[Site "SchemingMind.com"]
[Date "2011.11.30"]
[Round "-"]
[White "dkappe"]
[Black "eun77"]
[Result "0-1"]
[WhiteCountry "GER"]
[BlackCountry "ISR"]
[WhiteElo "1897"]
[WhiteRD "157"]
[BlackElo "1283"]
[BlackRD "78"]
[GameID "297668"]

1. d4 d5 2. c4 dxc4 3. e4 b5 4. a4 Bb7 5. axb5 Bxe4 6. Nc3 Bd3 7. Bxd3 cxd3 8. Qxd3 e6 9. Nf3 Bb4 10. O-O Bxc3
11. bxc3 Ne7 12. Re1 O-O 13. Ng5 Ng6 14. h4 h6 15. Nxe6 fxe6 16. Qxg6 Qe8 17. Qxe6+ Qxe6 18. Rxe6 Nd7
0-1

[Event "Pawns should help and not hinder the pieces"]
[Site "SchemingMind.com"]
[Date "2011.11.26"]
[Round "-"]
[White "Aamaroun"]
[Black "mmccaffe"]
[Result "0-1"]
[WhiteCountry "CZE"]
[BlackCountry "USA"]
[WhiteElo "1330"]
[WhiteRD "112"]
[BlackElo "1701"]
[BlackRD "58"]
[GameID "297691"]

1. d4 Nf6 2. c4 e6 3. Nf3 Bb4+ 4. Nc3 Bxc3+ 5. bxc3 O-O 6. e3 c5 7. Bd3 Nc6 8. O-O d5 9. cxd5 exd5 10. Ba3 b6
11. Ng5 h6 12. Nf3 Nd7
0-1

[Event "Pawns should help and not hinder the pieces"]
[Site "SchemingMind.com"]
[Date "2012.02.17"]
[Round "-"]
[White "mmccaffe"]
[Black "D O Vaughan"]
[Result "0-1"]
[WhiteCountry "USA"]
[BlackCountry "WLS"]
[WhiteElo "1643"]
[WhiteRD "68"]
[BlackElo "2122"]
[BlackRD "79"]
[GameID "303281"]

1. e4 e5 2. Nf3 Nc6 3. Bb5 a6 4. Ba4 Nf6 5. O-O Nxe4 6. d4 b5 7. Bb3 d5 8. dxe5 Be6 9. Nbd2 Be7 10. c3 O-O
11. Re1 Nc5 12. Bc2 d4 13. cxd4 Nxd4 14. Nxd4 Qxd4 15. Nb3 Nxb3 16. Bxb3 Qxd1 17. Rxd1 Rfd8 18. Bxe6 Rxd1#
0-1

[Event "Pawns should help and not hinder the pieces"]
[Site "SchemingMind.com"]
[Date "2012.02.17"]
[Round "-"]
[White "D O Vaughan"]
[Black "mmccaffe"]
[Result "1-0"]
[WhiteCountry "WLS"]
[BlackCountry "USA"]
[WhiteElo "2119"]
[WhiteRD "80"]
[BlackElo "1657"]
[BlackRD "71"]
[GameID "303289"]

1. e4 e6 2. d4 d5 3. e5 c5 4. c3 Nc6 5. Nf3 Qb6 6. a3 cxd4 7. cxd4 Bd7 8. Nc3 Nge7 9. Na4 Qc7 10. b4 a6
11. Bb2 Nf5 12. Rc1 Be7 13. Bd3 g6 14. Nc5 Bxc5 15. Rxc5 Qb6 16. O-O O-O 17. Qd2 Rac8 18. g4 Nfe7 19. Qh6
1-0

[Event "Pawns should help and not hinder the pieces"]
[Site "SchemingMind.com"]
[Date "2012.05.02"]
[Round "-"]
[White "Queeny"]
[Black "kenneth m day"]
[Result "1-0"]
[WhiteCountry "ENG"]
[BlackCountry "USA"]
[WhiteElo "1749"]
[WhiteRD "96"]
[BlackElo "1812"]
[BlackRD "56"]
[GameID "309576"]

1. e4 g6 2. Nf3 Bg7 3. d4 d6 4. h3 Nd7 5. Nc3 a6 6. Bc4 e6 7. O-O b5 8. Be2 Bb7 9. Bg5 Ne7 10. Qd2 h6
11. Bh4 O-O 12. e5 dxe5 13. dxe5 Re8 14. Rad1 Qc8 15. Qxd7 Qxd7 16. Rxd7 Rac8 17. Bxe7 Bc6 18. Rd8 Rcxd8 19. Bxd8 Rxd8 20. Nd1 Be4
21. c4 Bxf3 22. gxf3 Bxe5 23. cxb5 Bxb2 24. Nxb2 Rd2 25. bxa6 Rxb2 26. Ra1 Rb8 27. Rc1 c5 28. Rxc5 Rb1+ 29. Kg2 Ra1 30. Ra5
1-0

[Event "Pawns should help and not hinder the pieces"]
[Site "SchemingMind.com"]
[Date "2012.05.02"]
[Round "-"]
[White "kenneth m day"]
[Black "Queeny"]
[Result "0-1"]
[WhiteCountry "USA"]
[BlackCountry "ENG"]
[WhiteElo "1775"]
[WhiteRD "51"]
[BlackElo "1744"]
[BlackRD "89"]
[GameID "309583"]

1. e4 e5 2. Nf3 Nc6 3. c3 Nf6 4. d4 d6 5. Bb5 Bd7 6. O-O a6 7. Ba4 Be7 8. Re1 O-O 9. Bg5 Nh5 10. Be3 Nf6
11. Bc2 Ng4 12. Bd2 Bf6 13. h3 Nh6 14. Bxh6 gxh6 15. Nh2 Bg7 16. Nd2 exd4 17. cxd4 Nxd4 18. Bd3 Ne6 19. Rb1 Qg5 20. Nhf3 Qg6
21. Nh4 Qg5 22. Ndf3 Qf6 23. Nf5 Ng5 24. Nxg7 Qxg7 25. b3 Nxh3+ 26. Kf1 Nf4 27. Nh4 Qg5 28. g3 Bh3+ 29. Kg1 Bg4 30. f3 Bh5
31. Nf5 Kh8 32. Kh2 Bg6 33. gxf4 Qxf4+ 34. Kg2 Rg8 35. Kf2 Bxf5 36. exf5 Qd4+ 37. Re3 Qh4+ 38. Ke2 Rg2+
0-1

[Event "Pawns should help and not hinder the pieces"]
[Site "SchemingMind.com"]
[Date "2012.08.11"]
[Round "-"]
[White "Olli Ylönen"]
[Black "NimbleKnight"]
[Result "1/2-1/2"]
[WhiteCountry "FIN"]
[BlackCountry "USA"]
[WhiteElo "1826"]
[WhiteRD "61"]
[BlackElo "1898"]
[BlackRD "70"]
[GameID "315632"]

1. e4 e6 2. d4 d5 3. Nc3 Bb4 4. e5 c5 5. a3 Bxc3+ 6. bxc3 Ne7 7. Qg4 O-O 8. Bd3 f5 9. exf6 Rxf6 10. Bg5 Rf7
11. Qh5 g6 12. Qd1 Qa5 13. Bd2 Nbc6 14. Nf3 Qc7 15. O-O e5 16. Nxe5 Nxe5 17. dxe5 Qxe5 18. c4 Bf5 19. Re1 Qf6 20. Qf3 Bxd3
21. Qxf6 Rxf6 22. Bg5 Rf7 23. cxd3 Nf5 24. cxd5 Rd7 25. Re5 Rad8 26. Bxd8 Rxd8 27. Rc1 b6 28. g4 Nd4 29. Kg2 Kf7 30. f4 Rd7
31. a4 Kf8 32. h4 Kf7 33. Kh3 Nf3 34. Re3 Nd4 35. Rc4 Rxd5 36. Re5 Rd6 37. f5 Kf6 38. Re8 gxf5 39. gxf5 Rd7 40. Kg4 Kf7
41. Re1 Nc6 42. Rc3 Nd4 43. a5 Nc6 44. axb6 axb6 45. Re6 Nb4 46. Rxb6 Nxd3 47. Rh6 Kg8 48. f6 Ne5+ 49. Kf4 Nf7 50. Rh5 Rd4+
51. Ke3 Rd6 52. Rhxc5 Rxf6 53. h5 Kg7 54. Ke4 h6 55. Rg3+ Ng5+ 56. Ke5 Re6+ 57. Kf4 Re1 58. Rcxg5+ hxg5+ 59. Kxg5 Rh1 60. Kf4+= Kh6
61. Kg4= Rxh5 62. Rh3 Rxh3 63. Kxh3
1/2-1/2

[Event "Pawns should help and not hinder the pieces"]
[Site "SchemingMind.com"]
[Date "2012.08.11"]
[Round "-"]
[White "NimbleKnight"]
[Black "Olli Ylönen"]
[Result "0-1"]
[WhiteCountry "USA"]
[BlackCountry "FIN"]
[WhiteElo "1900"]
[WhiteRD "70"]
[BlackElo "1862"]
[BlackRD "61"]
[GameID "315636"]

1. d4 d5 2. c4 c6 3. Nf3 Nf6 4. e3 Bf5 5. Nc3 e6 6. Nh4 Bg6 7. Nxg6 hxg6 8. Bd2 Nbd7 9. Rc1 Bd6 10. g3 dxc4
11. Bxc4 Nb6 12. Bb3 Qd7 13. Qe2 Bc7 14. O-O O-O-O 15. Rc2 Kb8 16. Rfc1 Nfd5 17. a3 f5 18. Ba2 Rh3 19. f4 Rdh8 20. Nxd5 Nxd5
21. b4 Rxh2 22. Qxh2 Rxh2 23. Kxh2 a6 24. a4 Bd8 25. Kg2 Be7 26. Bxd5 Qxd5+ 27. Kf2 g5 28. Bc3 gxf4 29. exf4 Bxb4 30. Bxb4 Qxd4+
31. Ke2 Qxb4 32. Rc4 Qe7 33. Rc5 g5 34. fxg5 Qxg5 35. R1c3 Qg4+ 36. Kf2 Qxa4 37. R5c4 Qb5 38. Rc5 Qb6 39. Kf3 a5 40. R5c4 Qc7
41. g4 fxg4+ 42. Kxg4 a4 43. Kf3 Qa5 44. Rc5 Qb6 45. R5c4 Qa6 46. Ke4 a3 47. Rc1 a2 48. R4c2 a1=Q 49. Rxa1 Qxa1 50. Rh2 Ka7
51. Rh3 b5 52. Rh7+ Kb6 53. Rh2 e5 54. Rh6 Qd4+ 55. Kf5 Qf4+ 56. Kg6 Qxh6+ 57. Kxh6 e4 58. Kg5 e3
0-1

[Event "Pawns should help and not hinder the pieces"]
[Site "SchemingMind.com"]
[Date "2012.09.11"]
[Round "-"]
[White "Queeny"]
[Black "Scooter"]
[Result "0-1"]
[WhiteCountry "ENG"]
[BlackCountry "USA"]
[WhiteElo "1744"]
[WhiteRD "89"]
[BlackElo "1806"]
[BlackRD "47"]
[GameID "317483"]

1. e4 c6 2. Nf3 d5 3. Nc3 dxe4 4. Nxe4 Bg4 5. Be2 e6 6. d3 Nd7 7. Nfg5 Bxe2 8. Qxe2 Ngf6 9. Nxf7 Kxf7 10. Ng5+ Ke8
11. Qxe6+ Qe7 12. Be3 h6 13. Qxe7+ Bxe7 14. Ne6 Kf7 15. Nf4 Bc5 16. O-O-O Rhe8 17. Bxc5 Nxc5 18. h3 g5 19. d4 Nce4 20. Nd3 Nd5
21. Rhe1 Nf4 22. Nxf4 gxf4 23. f3 Nf2 24. Rxe8 Rxe8 25. Rf1 Re2 26. b3 Kf6 27. Kb2 Nd3+ 28. Kc3 Ne1 29. Rg1 a5
0-1

[Event "Pawns should help and not hinder the pieces"]
[Site "SchemingMind.com"]
[Date "2012.09.11"]
[Round "-"]
[White "Scooter"]
[Black "Queeny"]
[Result "1-0"]
[WhiteCountry "USA"]
[BlackCountry "ENG"]
[WhiteElo "1806"]
[WhiteRD "47"]
[BlackElo "1744"]
[BlackRD "89"]
[GameID "317486"]

1. d4 Nf6 2. Nf3 e6 3. Bg5 Be7 4. e3 O-O 5. Bd3 Nd5 6. Bxe7 Qxe7 7. O-O b6 8. c4 Nf6 9. Nbd2 Bb7 10. Qc2 c5
11. Be4 Nxe4 12. Nxe4 f6 13. Rfd1 Nc6 14. dxc5 Nb4 15. Qd2 bxc5 16. Ng3 Bxf3 17. gxf3 Rad8 18. Qd6 Qxd6 19. Rxd6 Nc6 20. Ne4 Ne5
21. b3 Nxf3+ 22. Kg2 Nh4+ 23. Kf1 Nf5 24. Ra6 Rc8 25. Rxa7 Rfd8 26. Rd1 d5 27. cxd5 exd5 28. Nc3 d4 29. exd4 cxd4 30. Nb5 Rc2
31. Ra4 d3 32. a3 Rb2 33. b4 Rc2 34. Ra7 Nh4 35. Re7 Nf3 36. Re3 d2 37. Rxf3 Rc1 38. Ke2
1-0

[Event "Pawns should help and not hinder the pieces"]
[Site "SchemingMind.com"]
[Date "2013.09.22"]
[Round "-"]
[White "Olli Ylönen"]
[Black "D O Vaughan"]
[Result "1-0"]
[WhiteCountry "FIN"]
[BlackCountry "WLS"]
[WhiteElo "1844"]
[WhiteRD "58"]
[BlackElo "2063"]
[BlackRD "107"]
[GameID "338536"]

1. e4 e5 2. Nf3 Nc6 3. d4 exd4 4. Nxd4 Bc5 5. Be3 Qf6 6. c3 Nge7 7. Bc4 Ne5 8. Be2 Qg6 9. O-O d5 10. Bh5 Bg4
11. Bxg6 Bxd1 12. Bxf7+ Kxf7 13. Rxd1 Nc4 14. b4 Nxe3 15. fxe3 c6 16. bxc5
1-0

[Event "Pawns should help and not hinder the pieces"]
[Site "SchemingMind.com"]
[Date "2013.09.23"]
[Round "-"]
[White "D O Vaughan"]
[Black "Olli Ylönen"]
[Result "1-0"]
[WhiteCountry "WLS"]
[BlackCountry "FIN"]
[WhiteElo "2087"]
[WhiteRD "106"]
[BlackElo "1799"]
[BlackRD "63"]
[GameID "338540"]

1. e4 c6 2. d4 d5 3. exd5 cxd5 4. c4 Nf6 5. Nc3 e6 6. Nf3 Be7 7. Bd3 dxc4 8. Bxc4 O-O 9. O-O Nc6 10. Be3 b6
11. a3 Bb7 12. Qe2 Rc8 13. Ba2 h6 14. Rad1 Bd6 15. Qd3 Ne7 16. Ne5 Nfd5 17. Bb1 Bxe5 18. Qh7#
1-0

[Event "Pawns should help and not hinder the pieces"]
[Site "SchemingMind.com"]
[Date "2014.02.03"]
[Round "-"]
[White "Olli Ylönen"]
[Black "Scooter"]
[Result "1/2-1/2"]
[WhiteCountry "FIN"]
[BlackCountry "USA"]
[WhiteElo "1839"]
[WhiteRD "68"]
[BlackElo "1745"]
[BlackRD "46"]
[GameID "346935"]

1. e4 c6 2. d4 d5 3. Nc3 dxe4 4. Nxe4 Bf5 5. Ng3 Bg6 6. h4 h6 7. Nf3 Nd7 8. h5 Bh7 9. Bd3 Bxd3 10. Qxd3 Qc7
11. Bd2 O-O-O 12. O-O-O Ngf6 13. Qe2 e6 14. Ne5 Nxe5 15. dxe5 Nd7 16. f4 Bc5 17. Ne4 a6 18. Nxc5 Nxc5 19. g4 Rd7 20. g5 hxg5
21. fxg5 Rd5 22. Bf4 Rxd1+ 23. Rxd1 f6 24. Kb1 fxg5 25. Bxg5 Nd7 26. Rd6 Qa5 27. Rxe6 Kc7 28. Re7 Qc5 29. Rxg7 Qg1+ 30. Bc1 Qxg7
31. e6 Qe5 32. Qg4 Qxh5 33. Qg7 Rh7 34. Bf4+ Kb6 35. Qg1+ Nc5 36. b4 Qh1 37. bxc5+ Kb5 38. Qxh1 Rxh1+ 39. Kb2 Kxc5 40. e7 Re1
41. Bg5 Kd6 42. a4 Rxe7 43. Bxe7+ Kxe7 44. Kb3 Kd6 45. Kb4 b6 46. c3 a5+ 47. Kc4 Ke5 48. Kd3 Kd5 49. c4+ Ke5 50. Kc3 Ke4
51. c5 bxc5 52. Kc4 Ke3 53. Kxc5 Kd3 54. Kb6 Kc4 55. Kxa5 Kb3=
1/2-1/2

[Event "Pawns should help and not hinder the pieces"]
[Site "SchemingMind.com"]
[Date "2014.02.01"]
[Round "-"]
[White "Scooter"]
[Black "Olli Ylönen"]
[Result "1/2-1/2"]
[WhiteCountry "USA"]
[BlackCountry "FIN"]
[WhiteElo "1745"]
[WhiteRD "46"]
[BlackElo "1839"]
[BlackRD "68"]
[GameID "346938"]

1. d4 d5 2. Nf3 Nc6 3. Bf4 Bg4 4. Nbd2 e6 5. e3 Bd6 6. Be2 Bxf3 7. Nxf3 Bxf4 8. exf4 a6 9. O-O Nf6 10. Ne5 Ne7
11. c3 O-O 12. h3 h6 13. Qc2 Rc8 14. Rfe1 c5 15. dxc5 Rxc5 16. Rad1 Qc8 17. Bf3 b5 18. g3 a5 19. Nd3 Rc7 20. Qb1 Nc6
21. Ne5 b4 22. Nxc6 bxc3 23. bxc3 Rxc6 24. a4 Rxc3 25. Rc1 Rxc1 26. Rxc1 Qb8 27. Qxb8 Rxb8 28. Rc5 d4 29. Rxa5 d3 30. Rb5 Rd8
31. Bd1 d2 32. a5 Ne4 33. Rb1 Nc3 34. Ra1 Ra8 35. Kf1 Nxd1 36. Rxd1 Rxa5=
1/2-1/2